|
|
|
|
| LEADER |
00000nam0a2200000 4500 |
| 001 |
246593 |
| 005 |
20231101232224.0 |
| 035 |
|
|
|a (RuTPU)RU\TPU\book\268046
|
| 090 |
|
|
|a 246593
|
| 100 |
|
|
|a 20131206d1955 m y0rusy50 ca
|
| 101 |
0 |
|
|a rus
|
| 102 |
|
|
|a RU
|
| 105 |
|
|
|a a z 001zy
|
| 200 |
1 |
|
|a Учебное оборудование по химии для средней школы
|f А. А. Грабецкий, К. Я. Парменов
|
| 210 |
|
|
|a Москва
|c Изд-во Академии пед. наук РСФСР
|d 1955
|
| 215 |
|
|
|a 216 с.
|c ил.
|
| 225 |
1 |
|
|a Педагогическая библиотека учителя
|
| 320 |
|
|
|a Библиогр.: с.212 -214
|
| 606 |
1 |
|
|a Химические лаборатории
|x Оборудование
|2 stltpush
|3 (RuTPU)RU\TPU\subj\72789
|9 86183
|
| 610 |
1 |
|
|a учебно-наглядные пособия
|
| 610 |
1 |
|
|a периодический закон Менделеева
|
| 610 |
1 |
|
|a растворы
|
| 610 |
1 |
|
|a металлы
|
| 610 |
1 |
|
|a органические вещества
|
| 675 |
|
|
|a 542.2
|v 3
|
| 700 |
|
1 |
|a Грабецкий
|b А. А.
|
| 701 |
|
1 |
|a Парменов
|b К. Я.
|
| 801 |
|
1 |
|a RU
|b 63413507
|c 20131206
|
| 801 |
|
2 |
|a RU
|b 63413507
|c 20140902
|g RCR
|
| 942 |
|
|
|c BK
|